| 000 | 00803cab a2200253 4500 | ||
|---|---|---|---|
| 001 | ABS59599 | ||
| 008 | 090401t1998 xxu||||| |||| 00| 0 eng d | ||
| 035 | _a(Sirsi) u89857 | ||
| 041 | _aeng | ||
| 245 | _aCost update | ||
| 260 | _c1998 | ||
| 350 | _a0 | ||
| 490 |
_aBuilding _v263(8065) 20 November 1998, 67-69(3) |
||
| 520 | _aA quarterly analysis of changes to materials prices and labour rates, prepared by Davis Langdon & Everest, together with a focus on waterproofing and the latest wage rate agreements. | ||
| 650 | _aCONSTRUCTION INDUSTRY | ||
| 650 | _aLABOUR RATES | ||
| 650 | _aMATERIALS PRICES | ||
| 650 | _aREGIONAL VARIATIONS | ||
| 650 | _aWAGE RATES | ||
| 650 | _aWATERPROOFING PRICES | ||
| 690 | _aBUILT ENVIRONMENT-BUILDING COSTS | ||
| 942 | _n0 | ||
| 948 | _c20/11/1998 | ||
| 999 |
_c56885 _d56885 |
||